000 01363nam a2200361 a 4500
001 000111987
003 CHAP
005 20220329144240.0
008 151112s2015 mx a fsm |||||||spa d
010 _a108448
011 _a109420
040 _cCHAP
090 _aTesis
100 1 _aMacías Martínez, Marcos
_9130010
245 1 0 _aHuella hídrica azul en cártamo (Carthamus tinctorius L) del DDR-139, Caborca, Sonora vs DDR-33 Los Mochis, Sinaloa
_h[En línea]
_cpor Marcos Macías Martínez y Enrique Alvarado Chávez.
260 _aChapingo, Méx. :
_bEl autor,
_c2015.
500 _aPara ver el contenido del material haga clic en la liga
502 _aTesis (Ing.en Sistemas Agricolasnto) -- UACH. Unidad Regional Universitaria de Zonas Áridas
590 _aBATCH
_b00
_c20181121
_lUCH01
_h0758
590 _aE5995AHE
_b05
_c20151112
_lUCH01
_h1325
590 _aE5995AHE
_b05
_c20151112
_lUCH01
_h1331
590 _aE5995AHE
_b05
_c20151112
_lUCH01
_h1331
650 1 4 _aAzafrancillo
_xRendimiento.
_99075
650 1 4 _aAzafrancillo
_xSonora.
_99078
650 1 4 _aIndicadores económicos.
_957564
650 1 4 _aIndicadores sociales.
_957565
700 1 _aAlvarado Chávez, Enrique
_9130011
856 _a1
_n0000253
856 _aFinding aid
_uhttp://10.13.5.2/tesis/sist111987.pdf
_zTeclea aquí
901 _aBK
942 _cTESIS
942 _n0
999 _c108448
_d108448